000 00378cam a22001217a 4500
008 180718b1959 xxu||||| |||| 00| 0 eng d
082 _aT000x5 K897
100 _aKrishna, Daya
245 _aPlanning, power and welfare
_cby Daya Krishna
260 _aNew Delhi
_bOffice for Asia Affairs, Congress for Cultural Freedom
_c1959
300 _a91p.
650 _aEconomic planning - Asia
999 _c369763
_d369763